Normal view
MARC view
- منصور، أمجد محمد
Entry Personal Name
001 - CONTROL NUMBER
- control field: 50665
003 - CONTROL NUMBER IDENTIFIER
- control field: JO-AjAnu
005 - DATE AND TIME OF LATEST TRANSACTION
- control field: 20230606082335.0
008 - FIXED-LENGTH DATA ELEMENTS
- fixed length control field: 230606|| aca||aabn | a|a d
040 ## - CATALOGING SOURCE
- Original cataloging agency: JO-AjAnu
- Transcribing agency: JO-AjAnu
100 ## - HEADING--PERSONAL NAME
- Personal name: منصور، أمجد محمد
670 ## - SOURCE DATA FOUND
- Source citation: Work cat.: (JO-AjAnu)25900: منصور، أمجد محمد, author, النظرية العامة للإلتزامات مصادر الالتزام : دراسة في القانون المدني الأردني والمصري والفرنسي ومجلة الأحكام العدلية والفقة الإسلامي مع التطبيقات القضائية لمحكمتي النقض والتمييز